| 000 | 00000nam 2200000za 4500 |
| 001 | 9.804962 |
| 003 | CaOODSP |
| 005 | 20250902103534 |
| 007 | cr ||||||||||| |
| 008 | 150406s2015 onc o f000 0 fre d |
| 040 | |aCaOODSP|bfre |
| 043 | |an-cn--- |
| 086 | 1 |aRv55-5/7-4-4-2015F-PDF |
| 245 | 00|aEntrepôts de stockage des douanes |h[ressource électronique]. |
| 250 | |a[Édition de 21 octobre 2015]. |
| 260 | |aOttawa : |bAgence des services frontaliers du Canada, |c2015. |
| 300 | |a9 p. |
| 490 | 1 |aMémorandum D7 - drawbacks, |x2369-2405 ; |vD7-4-4, le 21 octobre 2015 |
| 500 | |aPublié aussi en anglais sous le titre : Customs bonded warehouses. |
| 500 | |a« Ottawa, le 21 octobre 2015. » |
| 504 | |aComprend des références. |
| 520 | |aCeci annule le mémorandum D7-4-4 daté le 13 juillet 2001. Le présent mémorandum décrit et explique les procédures à suivre par un particulier ou une société pour demander un agrément d’exploitation d’un entrepôt de stockage des douanes (ESD), ainsi que les conditions à respecter pour l’exploitation d’un tel entrepôt. Les modifications supplémentaires liées à la révision du texte qui ont été apportées ne modifient aucunement les politiques ou procédures existantes comprises dans le présent mémorandum, et comprend les modifications apportées à la structure organisationnelle de l’Agence des services frontaliers du Canada. |
| 692 | 07|2gccst|aImportation |
| 692 | 07|2gccst|aEntreposage |
| 692 | 07|2gccst|aDouanes |
| 710 | 2 |aAgence des services frontaliers du Canada. |
| 775 | 08|tCustoms Bonded Warehouses |w(CaOODSP)9.804961 |
| 794 | |tEntrepôts de stockage des douanes.|b[Édition de 21 octobre 2024]|w(CaOODSP)9.954678 |
| 830 | #0|aMemorandum D7 - drawbacks,|x2369-2405 ; |vD7-4-4, le 21 octobre 2015|w(CaOODSP)9.816826 |
| 856 | 40|qPDF|s116 Ko|uhttps://publications.gc.ca/collections/collection_2015/asfc-cbsa/Rv55-5-7-4-4-2015-fra.pdf |